За все надо платить. Посмертный образ: [повести]

ग्रंथसूची विवरण
मुख्य लेखक: Маринина А. Александра
भाषा:रूसी
प्रकाशित: Екатеринбург, АРД ЛТД, 1998
विषय:
स्वरूप: पुस्तक
KOHA link:https://koha.lib.tpu.ru/cgi-bin/koha/opac-detail.pl?biblionumber=129410

MARC

LEADER 00000nam0a2200000 4500
001 129410
005 20231031133307.0
010 |a 5893960777 
035 |a (RuTPU)RU\TPU\book\140069 
090 |a 129410 
100 |a 20080123d1998 m y0rusy50 ca 
101 0 |a rus 
102 |a RU 
105 |a y z 000ay 
200 1 |a За все надо платить. Посмертный образ  |e [повести]  |f А. Маринина 
210 |a Екатеринбург  |c АРД ЛТД  |d 1998 
215 |a 624 с. 
610 1 |a русская литература 
610 1 |a повести 
610 1 |a детективы 
675 |a Р2  |v 3 
700 1 |a Маринина  |b А.  |g Александра 
801 1 |a RU  |b 63413507  |c 20080123  |g PSBO 
801 2 |a RU  |b 63413507  |c 20080130  |g PSBO 
942 |c BK